[Event "Thessaloniki-Chalkidiki-chT B"]
[Site "Thessaloniki"]
[Date "2022.04.03"]
[Round "5"]
[White "Zaga, Konstantina"]
[Black "Chantzaridou, Evanthia"]
[Result "1/2-1/2"]
[WhiteElo "1061"]
[BlackElo "1009"]
[PlyCount "41"]
[EventDate "2022.03.13"]
[EventType "team-tourn"]
[EventRounds "5"]
[EventCountry "GRE"]
[SourceTitle "EXT 2024"]
[Source "ChessBase"]
[SourceDate "2023.10.10"]
[SourceVersion "1"]
[SourceVersionDate "2023.10.10"]
[SourceQuality "1"]

1. e4 e5 2. Nf3 Nc6 3. d4 exd4 4. Nxd4 Nf6 5. Nxc6 bxc6 6. Bg5 Be7 7. Bd3 Nxe4 8. Bxe7 Qxe7 9. 0-0 d5 10. Bxe4 dxe4 11. Qd4 0-0 12. Nc3 Bf5 13. Rfe1 Rfd8 14. Qe3 Qf6 15. Nxe4 Qxb2 16. Qb3 Qxb3 17. cxb3 Bxe4 18. Rxe4 g6 19. Kf1 a5 20. Rc1 Ra6 21. Re7 1/2-1/2